Análisis de la gestión del riesgo de desastres en Colombia (Registro nro. 7588)

Detalles MARC
000 -CABECERA
Campo de control 00904nam a22002297a 4500
005 - FECHA Y HORA DE LA ULTIMA TRANSACCION
Campo de control 20140814020002.0
008 - ELEMENTOS DE LONGITUD FIJA—INFORMACION GENERAL
Campo de control 130816b2012 ck ||||| |||| 00| 0 spa d
041 ## - IDIOMA
Código de idioma para texto/pista de sonido o título separado Español
044 ## - PAÍS DE PUBLICACIÓN
País de publicación Colombia
082 ## - NUMERO DE CLASIFICACION DECIMAL DEWEY
Número de clasificación 333.34
Número del ítem B58a
245 00 - MENCION DE TITULO
Título Análisis de la gestión del riesgo de desastres en Colombia
Parte restante del título Un aporte para la construcción de políticas públicas
Mención de responsabilidad coordinadores y editores Ana Campos G. ... [et al.].
260 ## - PUBLICACION, DISTRIBUCION, ETC. (PIE DE IMPRENTA)
Lugar de publicación, distribución, etc. Bogotá
Nombre del editor, distribuidor, etc. GFDRR
-- Banco Mundial
Fecha de publicación, distribución, etc. 2012
300 ## - DESCRIPCION FISICA
Extensión xxiii, 411 p.
Otros detalles físicos il.,
Dimensiones 28 cm. +
Material acompañante 1 folleto 48 p
500 ## - NOTA GENERAL
Nota general Incluye listado de siglas
650 #4 - ASIENTO SECUNDARIO DE MATERIA - TERMINO TEMATICO
Término temático o nombre geográfico como elemento de entrada Prevención de desastres
Subdivisión general Administración
Subdivisión geográfica Colombia
650 #4 - ASIENTO SECUNDARIO DE MATERIA - TERMINO TEMATICO
Término temático o nombre geográfico como elemento de entrada Desastres naturales
Subdivisión general Prevención
Subdivisión geográfica Colombia
650 #4 - ASIENTO SECUNDARIO DE MATERIA - TERMINO TEMATICO
Término temático o nombre geográfico como elemento de entrada Gestión del riesgo
Subdivisión geográfica Colombia
700 1# - ASIENTO SECUNDARIO - NOMBRE PERSONAL
Nombre personal Campos G., Ana.
Término de relación ed
700 1# - ASIENTO SECUNDARIO - NOMBRE PERSONAL
Nombre personal Holm-Nielsen, Niels
Término de relación ed
700 1# - ASIENTO SECUNDARIO - NOMBRE PERSONAL
Nombre personal Díaz G., Carolina.
Término de relación ed
942 ## - ELEMENTOS ADICIONALES (KOHA)
Sistema de clasificación Dewey Decimal Classification
Tipo de ítem Impreso
Koha issues (borrowed), all copies 2
Existencias
Withdrawn status Lost status Sistema de Clasificación Damaged status No para préstamo Colección Inventariado Ubicación Permanente Ubicación actual Fecha de adquisición Fuente de Valor Valor Total Checkouts Total Renewals Número topográfico Inventario / Código de Barras Date last seen Date checked out Ejemplar Price effective from Forma de adquisición Tipo de material
    Dewey Decimal Classification     General Inventariado 2017 Bogotá Bogotá 16/08/2013 Instituto 39000.00 2 5 LB-333.34 B58a 058387 04/11/2014 13/08/2014 Ej. 1 16/08/2013   Libro